000 00366nam a2200157Ia 4500
008 230711s9999||||xx |||||||||||||| ||und||
041 _aENG
082 _a624
_bAT-H
100 _aAtkinson,Ken
245 0 _aHighway maintenance handbook
250 _a2nd
260 _c1997
_aNew York
_bThomas Telford
300 _a562
650 _aCivil Engineering
942 _cBK
999 _c4999
_d4999